00517nam a22001697a 450000500170000001000150001702000260003203500140005803700090007208200060008110000230008724500410011025000060015126000480015727001210020530000210032620260514103947.0 aENG-148475 a9789395481403c275.00 aEN-132007 bDBAD aN aMehta, Purva Ahuja aHusband By Proxy/cPurva Ahuja Mehta a1 bVishwakarma Publicationsc2024aMaharashtra a34A/1, Suyog Center, 7th floor, Gultekedi Marketyard Road, Giridhar Bhavan Chowk, e411037bPuneminfo@vpindia.co.in a185p.c20cm (pb)